000 00667nam a2200205 i 4500
001 13917
003 ES-MaACL
005 20250811030755.0
007 t|
008 971226s1997 sp |||| | spa j
020 _a84-605-6325-1
080 _a354.21(460).08"17/18"
100 1 _aFrancisco Olmos, José María de.
_952199
245 1 4 _aLos miembros del Consejo de Hacienda (1722-1838) y organismos económico-monetarios /
_cJosé María de Francisco Olmos.
260 _aMadrid :
_bCastellum,
_c[1997]
300 _a432 p. ;
_c24 cm.
610 1 7 _aEspaña.
_bConsejo de Hacienda-
_xPersonal
_2
_9168880
852 _aES-MaACL
_jL-21281
999 _c13917
_d13917